000
00260nam a2200109Ia 4500
005
20251222114351.0
008
251222s1900||||xx |||||||||||||| ||spa||
082
_a
DVD0099/G87G/1994
245
0
_a
El valle del fuego
264
_b
Guerrero, Alejandro
942
_c
DVD
999
_c
1238
_d
1238